[Event "Liga Madrileña - DH 2017-2018"]
[Site "Madrid ESP"]
[Date "2018.02.03"]
[Round "8.44"]
[White "Garcia Dorado, Alberto"]
[Black "Lopez del Alamo, Antonio"]
[Result "1/2-1/2"]
[WhiteElo "2143"]
[BlackElo "2250"]
[PlyCount "43"]
[EventDate "2017.11.19"]
[EventType "team-tourn"]
[EventRounds "14"]
[EventCountry "ESP"]
[SourceTitle "Ajedrez en Madrid"]
[Source "lmi"]
[SourceDate "2017.11.19"]
[WhiteTeam "Villaverde"]
[BlackTeam "64 Villalba"]
[WhiteTeamCountry "ESP"]
[BlackTeamCountry "ESP"]

1. d4 Nf6 2. Nf3 g6 3. c4 Bg7 4. g3 O-O 5. Bg2 d6 6. O-O c6 7. Nc3 Qa5 8. h3 c5
9. e4 cxd4 10. Nxd4 Nbd7 11. Re1 Ne5 12. Bf1 Be6 13. f4 Nxc4 14. Nxe6 fxe6 15.
Kg2 d5 16. e5 Ne8 17. Bxc4 dxc4 18. Qd4 Nc7 19. Qxc4 Nd5 20. Bd2 Nxc3 21. Bxc3
Qd5+ 22. Qxd5 1/2-1/2

[Event "Liga Madrileña - DH 2017-2018"]
[Site "Madrid ESP"]
[Date "2018.02.03"]
[Round "8.45"]
[White "Gimenez Menchon, Cesar"]
[Black "Lopez Andujar Ocaña, Antonio"]
[Result "1/2-1/2"]
[WhiteElo "2165"]
[BlackElo "2094"]
[PlyCount "129"]
[EventDate "2017.11.19"]
[EventType "team-tourn"]
[EventRounds "14"]
[EventCountry "ESP"]
[SourceTitle "Ajedrez en Madrid"]
[Source "lmi"]
[SourceDate "2017.11.19"]
[WhiteTeam "64 Villalba"]
[BlackTeam "Villaverde"]
[WhiteTeamCountry "ESP"]
[BlackTeamCountry "ESP"]

1. e4 e5 2. Nf3 Nc6 3. Bc4 Nf6 4. d4 Nxe4 5. dxe5 Nc5 6. O-O Be7 7. Nc3 O-O 8.
Nd5 h6 9. Re1 Re8 10. c3 a6 11. b4 b5 12. Nxe7+ Qxe7 13. Bd5 Na4 14. Qd3 Nb6
15. Bb3 d5 16. Be3 Bg4 17. Bc2 g6 18. Bxh6 Bxf3 19. Qxf3 Nxe5 20. Qf4 Nbd7 21.
Qd4 Qf6 22. Bf4 c6 23. Bxe5 Nxe5 24. Re3 Re6 25. Rae1 Rae8 26. h3 Kg7 27. Bb3
Nc4 28. Qxf6+ Kxf6 29. Rf3+ Kg7 30. Rxe6 fxe6 31. Bxc4 bxc4 32. Kf1 e5 33. Ke2
a5 34. a3 axb4 35. axb4 Ra8 36. Re3 Ra2+ 37. Kf3 Kf6 38. h4 d4 39. Re4 Ra3 40.
g4 Rxc3+ 41. Ke2 Rh3 42. f4 Rh2+ 43. Kf3 c3 44. fxe5+ Ke6 45. Rxd4 Kxe5 46. Rc4
Kd5 47. Rc5+ Kd4 48. Rxc6 c2 49. Kg3 Rd2 50. Kf4 Kd3 51. Kg5 Rg2 52. b5 Kd2 53.
b6 Rg3 54. b7 Rb3 55. Kxg6 c1=Q 56. Rxc1 Kxc1 57. g5 Kd2 58. Kh6 Ke3 59. g6
Rxb7 60. g7 Rb8 61. h5 Kf4 62. Kg6 Rb6+ 63. Kh7 Rb8 64. h6 Kg5 65. g8=Q+
1/2-1/2

[Event "Liga Madrileña - DH 2017-2018"]
[Site "Madrid ESP"]
[Date "2018.02.03"]
[Round "8.46"]
[White "Martin Rodriguez, Emilio"]
[Black "Veganzonez Rojo, David"]
[Result "0-1"]
[WhiteElo "2016"]
[BlackElo "2121"]
[PlyCount "74"]
[EventDate "2017.11.19"]
[EventType "team-tourn"]
[EventRounds "14"]
[EventCountry "ESP"]
[SourceTitle "Ajedrez en Madrid"]
[Source "lmi"]
[SourceDate "2017.11.19"]
[WhiteTeam "Villaverde"]
[BlackTeam "64 Villalba"]
[WhiteTeamCountry "ESP"]
[BlackTeamCountry "ESP"]

1. d4 d5 2. Nf3 Nf6 3. Bg5 c5 4. e3 Nc6 5. c3 Qb6 6. Qb3 c4 7. Qxb6 axb6 8.
Nbd2 b5 9. Be2 Bf5 10. O-O b4 11. Nh4 Bd7 12. e4 Nxe4 13. Nxe4 dxe4 14. Bd2
bxc3 15. Bxc3 b5 16. d5 Nd8 17. f3 exf3 18. Bxf3 Ra6 19. g3 e6 20. Kh1 f6 21.
Bh5+ Nf7 22. Bxf6 Rg8 23. Bxf7+ Kxf7 24. Bd4+ Ke8 25. Rae1 Kd8 26. dxe6 Bxe6
27. Re5 b4 28. Rfe1 Kd7 29. Rb5 Bd6 30. Rb7+ Kc6 31. Rxg7 Bd5+ 32. Ng2 Rxg7 33.
Bxg7 Rxa2 34. Kg1 c3 35. Ne3 Rxb2 36. Rd1 Bc5 37. Bd4 c2 0-1

[Event "Liga Madrileña - DH 2017-2018"]
[Site "Madrid ESP"]
[Date "2018.02.10"]
[Round "9.11"]
[White "Moreno Trujillo, Alejandro"]
[Black "Pulvett Marin, Daniel"]
[Result "1-0"]
[WhiteElo "2488"]
[BlackElo "2465"]
[PlyCount "73"]
[EventDate "2017.11.19"]
[EventType "team-tourn"]
[EventRounds "14"]
[EventCountry "ESP"]
[SourceTitle "Ajedrez en Madrid"]
[Source "lmi"]
[SourceDate "2017.11.19"]
[WhiteTeam "64 Villalba"]
[BlackTeam "Alcorcon"]
[WhiteTeamCountry "ESP"]
[BlackTeamCountry "ESP"]

1. d4 Nf6 2. c4 g6 3. Nc3 Bg7 4. e4 d6 5. Nf3 O-O 6. h3 e5 7. d5 a5 8. Bg5 Na6
9. Nd2 Qe8 10. Be2 Nd7 11. a3 h6 12. Bh4 Nb6 13. b3 f5 14. f3 Bd7 15. Rb1 h5
16. Qc2 Bh6 17. Bf2 Qe7 18. h4 fxe4 19. Ndxe4 Bf5 20. g4 hxg4 21. fxg4 Bxe4 22.
Nxe4 Bf4 23. g5 Kg7 24. Bg4 Rh8 25. Ke2 Nd7 26. b4 axb4 27. axb4 Nab8 28. Rh3
Nf8 29. c5 Nbd7 30. Kf1 Qf7 31. Rd1 dxc5 32. bxc5 b6 33. c6 Nc5 34. Nxc5 bxc5
35. Rf3 Nh7 36. Be6 Qe7 37. Rxf4 1-0

[Event "Liga Madrileña - DH 2017-2018"]
[Site "Madrid ESP"]
[Date "2018.02.10"]
[Round "9.12"]
[White "Vallejo Diaz, Jesus"]
[Black "Garrido Dominguez, Jesus"]
[Result "0-1"]
[WhiteElo "2246"]
[BlackElo "2395"]
[PlyCount "75"]
[EventDate "2017.11.19"]
[EventType "team-tourn"]
[EventRounds "14"]
[EventCountry "ESP"]
[SourceTitle "Ajedrez en Madrid"]
[Source "lmi"]
[SourceDate "2017.11.19"]
[WhiteTeam "Alcorcon"]
[BlackTeam "64 Villalba"]
[WhiteTeamCountry "ESP"]
[BlackTeamCountry "ESP"]

1. e4 d6 2. Nc3 Nf6 3. Bc4 c6 4. a4 e5 5. d3 Be7 6. h3 O-O 7. Qf3 Na6 8. Bxa6
bxa6 9. g4 Be6 10. Nge2 Kh8 11. Ng3 Ng8 12. Nf5 g6 13. Nxe7 Qxe7 14. Be3 Qb7
15. Rb1 f5 16. gxf5 gxf5 17. exf5 Rxf5 18. Qg3 Nf6 19. Rg1 Rg8 20. Qh2 Rxg1+
21. Qxg1 d5 22. Bc5 Qf7 23. b4 h6 24. b5 axb5 25. axb5 Qc7 26. d4 Nd7 27. Qg6
Rf6 28. Qe8+ Bg8 29. Nxd5 Qa5+ 30. Kf1 Qa2 31. Nxf6 Qxb1+ 32. Kg2 Nxf6 33. Qd8
Nh5 34. bxc6 Qxc2 35. Qa8 Nf4+ 36. Kg3 Qf5 37. f3 Qxh3+ 38. Kf2 0-1

[Event "Liga Madrileña - DH 2017-2018"]
[Site "Madrid ESP"]
[Date "2018.02.10"]
[Round "9.13"]
[White "Ruperez Benito, Antonio"]
[Black "Aguilera Lopez, Alejandro"]
[Result "1-0"]
[WhiteElo "2348"]
[BlackElo "2104"]
[PlyCount "83"]
[EventDate "2017.11.19"]
[EventType "team-tourn"]
[EventRounds "14"]
[EventCountry "ESP"]
[SourceTitle "Ajedrez en Madrid"]
[Source "lmi"]
[SourceDate "2017.11.19"]
[WhiteTeam "64 Villalba"]
[BlackTeam "Alcorcon"]
[WhiteTeamCountry "ESP"]
[BlackTeamCountry "ESP"]

1. e4 c5 2. Nf3 e6 3. b3 Nc6 4. Bb2 d6 5. d4 cxd4 6. Nxd4 Nf6 7. Bd3 e5 8. Nxc6
bxc6 9. O-O Be7 10. Nd2 O-O 11. Nc4 Be6 12. Qe2 Qc7 13. Rad1 Rfe8 14. a4 Rad8
15. Bc3 Qb8 16. Ba5 Rd7 17. Ne3 Bd8 18. Bc3 Bb6 19. a5 Bc5 20. Kh1 Rdd8 21. f3
d5 22. Be1 Nh5 23. g3 g6 24. b4 Bf8 25. Rb1 dxe4 26. fxe4 Ng7 27. Ng4 Bxg4 28.
Qxg4 Ne6 29. Bc3 Bg7 30. Bc4 Re7 31. Rf2 Nd4 32. Rxf7 Rxf7 33. Rf1 Qc7 34. Rxf7
Qxf7 35. Bxf7+ Kxf7 36. Bxd4 Rxd4 37. Qc8 Rd1+ 38. Kg2 Rd2+ 39. Kf3 Rxc2 40. b5
Bf8 41. bxc6 Bc5 42. g4 1-0

[Event "Liga Madrileña - DH 2017-2018"]
[Site "Madrid ESP"]
[Date "2018.02.10"]
[Round "9.14"]
[White "Prieto Martin, Alfonso"]
[Black "Vega Gomez, Francisco Borja"]
[Result "1/2-1/2"]
[WhiteElo "2202"]
[BlackElo "2267"]
[PlyCount "140"]
[EventDate "2017.11.19"]
[EventType "team-tourn"]
[EventRounds "14"]
[EventCountry "ESP"]
[SourceTitle "Ajedrez en Madrid"]
[Source "lmi"]
[SourceDate "2017.11.19"]
[WhiteTeam "Alcorcon"]
[BlackTeam "64 Villalba"]
[WhiteTeamCountry "ESP"]
[BlackTeamCountry "ESP"]

1. e4 d6 2. d4 Nf6 3. Nc3 Nbd7 4. f4 e5 5. Nf3 exd4 6. Qxd4 c6 7. Be3 d5 8.
exd5 Bc5 9. Qd2 Bb4 10. dxc6 bxc6 11. Bc4 O-O 12. O-O Ng4 13. Bd4 Nb6 14. Be2
c5 15. Bf2 Nxf2 16. Rxf2 Qf6 17. a3 Rd8 18. Qe3 Bxc3 19. Qxc3 Qxc3 20. bxc3 Bf5
21. Ne5 Be4 22. Bf3 Bxf3 23. Rxf3 Rd2 24. Rf2 Rad8 25. Nd3 Rxf2 26. Nxf2 Na4
27. Rd1 Re8 28. Kf1 Nxc3 29. Rd7 Nb1 30. Ne4 Nxa3 31. Rxa7 Nxc2 32. Nxc5 h5 33.
Kf2 Ne3 34. Ra3 Ng4+ 35. Kg3 Nh6 36. Rd3 Re2 37. Kf3 Rc2 38. Ne4 f6 39. Rd2 Rc4
40. Rd8+ Kh7 41. Rd5 Kg6 42. g3 Ra4 43. Rd3 Ra2 44. h3 Nf5 45. Nd6 Nh6 46. g4
hxg4+ 47. hxg4 f5 48. Nxf5 Nxf5 49. gxf5+ Kxf5 50. Rb3 Ra5 51. Re3 Ra1 52. Re5+
Kf6 53. Rb5 Rf1+ 54. Ke3 Rh1 55. Rb6+ Kf5 56. Rb5+ Kg6 57. Rb6+ Kh5 58. Rb5+
Kh6 59. Rb6+ Kh7 60. Ke4 Rh5 61. f5 Rh1 62. Rb3 Rh4+ 63. Ke5 Ra4 64. Rd3 Ra1
65. Rd4 Re1+ 66. Re4 Rxe4+ 67. Kxe4 Kh6 68. Ke5 Kg5 69. Ke6 Kf4 70. f6 gxf6
1/2-1/2

[Event "Liga Madrileña - DH 2017-2018"]
[Site "Madrid ESP"]
[Date "2018.02.10"]
[Round "9.15"]
[White "Gimenez Menchon, Cesar"]
[Black "Ramos del Campo, Alexander"]
[Result "1-0"]
[WhiteElo "2165"]
[BlackElo "2168"]
[PlyCount "103"]
[EventDate "2017.11.19"]
[EventType "team-tourn"]
[EventRounds "14"]
[EventCountry "ESP"]
[SourceTitle "Ajedrez en Madrid"]
[Source "lmi"]
[SourceDate "2017.11.19"]
[WhiteTeam "64 Villalba"]
[BlackTeam "Alcorcon"]
[WhiteTeamCountry "ESP"]
[BlackTeamCountry "ESP"]

1. e4 c5 2. Nf3 e6 3. c3 Nf6 4. e5 Nd5 5. d4 cxd4 6. cxd4 d6 7. Bc4 Be7 8. O-O
O-O 9. exd6 Bxd6 10. Nc3 b6 11. Bd3 Be7 12. Bb1 Bb7 13. Qd3 g6 14. Re1 Nc6 15.
a3 Na5 16. Ba2 Rc8 17. Bh6 Re8 18. Ne4 Nf6 19. Neg5 Bd5 20. Ne5 Bxa2 21. Rxa2
Qd5 22. Raa1 Qb3 23. Qf1 Qxb2 24. Ngxf7 Nc6 25. Nc4 Qxd4 26. Rad1 Qc5 27. Be3
Qh5 28. Nfd6 b5 29. Nxe8 Nxe8 30. Nd2 Bxa3 31. Ne4 Bb4 32. Bd2 Be7 33. Ng3 Qc5
34. Be3 Qb4 35. Rb1 Qc4 36. Rxb5 Qxf1+ 37. Kxf1 Nd6 38. Rbb1 Ra8 39. Rec1 Ne5
40. Rc7 Nc8 41. Rbc1 Nd6 42. Rxe7 Ndc4 43. Rxe6 a5 44. Bf4 Kf7 45. Rxe5 Nxe5
46. Bxe5 a4 47. Ra1 Ke6 48. Bb2 Kd5 49. Ke2 Kc4 50. Ra3 Rb8 51. Rxa4+ Kb3 52.
Be5 1-0

[Event "Liga Madrileña - DH 2017-2018"]
[Site "Madrid ESP"]
[Date "2018.02.10"]
[Round "9.16"]
[White "Angelina Vela, Carlos"]
[Black "Pascual Palomo, Lucia"]
[Result "0-1"]
[WhiteElo "2114"]
[BlackElo "2101"]
[PlyCount "48"]
[EventDate "2017.11.19"]
[EventType "team-tourn"]
[EventRounds "14"]
[EventCountry "ESP"]
[SourceTitle "Ajedrez en Madrid"]
[Source "lmi"]
[SourceDate "2017.11.19"]
[WhiteTeam "Alcorcon"]
[BlackTeam "64 Villalba"]
[WhiteTeamCountry "ESP"]
[BlackTeamCountry "ESP"]

1. d4 e6 2. c4 Nf6 3. Nf3 b6 4. g3 Bb7 5. Bg2 d5 6. Ne5 Bd6 7. Nc3 O-O 8. O-O
Nbd7 9. Nxd7 Qxd7 10. Bg5 Ne4 11. Nxe4 dxe4 12. Qc2 f5 13. Rac1 c5 14. Rfd1 Qf7
15. dxc5 Bxc5 16. Qc3 Qh5 17. Qd2 e5 18. b4 Bxf2+ 19. Kxf2 f4 20. Bxf4 exf4 21.
gxf4 e3+ 22. Qxe3 Qxh2 23. Rg1 Rae8 24. Qd4 Rxf4+ 0-1

[Event "Liga Madrileña - DH 2017-2018"]
[Site "Madrid ESP"]
[Date "2018.02.11"]
[Round "9.21"]
[White "Lianes Garcia, Marcos"]
[Black "Suarez Uriel, Adrian"]
[Result "1/2-1/2"]
[WhiteElo "2351"]
[BlackElo "2403"]
[PlyCount "119"]
[EventDate "2017.11.19"]
[EventType "team-tourn"]
[EventRounds "14"]
[EventCountry "ESP"]
[SourceTitle "Ajedrez en Madrid"]
[Source "lmi"]
[SourceDate "2017.11.19"]
[WhiteTeam "Villaverde"]
[BlackTeam "La Casa del Ajedrez"]
[WhiteTeamCountry "ESP"]
[BlackTeamCountry "ESP"]

1. d4 Nf6 2. c4 g6 3. Nc3 Bg7 4. Nf3 O-O 5. e4 d6 6. Be2 Bg4 7. Be3 Nfd7 8. O-O
e5 9. d5 a5 10. b3 Nc5 11. Rb1 f5 12. h3 fxe4 13. Ng5 Bf5 14. Bxc5 Qxg5 15. Be3
Qe7 16. g4 Bc8 17. Nxe4 Nd7 18. Qc2 b6 19. a3 Nc5 20. Ng3 Qh4 21. Kg2 Bb7 22.
b4 axb4 23. axb4 Ne6 24. Ne4 Nf4+ 25. Bxf4 exf4 26. Bf3 Ra3 27. Rb3 Rfa8 28.
Rxa3 Rxa3 29. Nd2 Qe7 30. Nb1 Ra8 31. Nc3 Re8 32. Rd1 Bc8 33. Nb5 Be5 34. Nd4
Bd7 35. Re1 Kg7 36. Nc6 Bxc6 37. dxc6 Qf7 38. Qe4 Re7 39. Qd5 Qe8 40. b5 Qa8
41. Qd3 Qa5 42. Re4 Qa1 43. Qd1 Qc3 44. Qe1 Qxe1 45. Rxe1 Re8 46. Re2 Ra8 47.
Bd5 Kf6 48. h4 h6 49. f3 Ra1 50. Kh2 Ra3 51. Kg2 Ra1 52. Kh2 Ra8 53. Kg2 Kg7
54. Kh3 Kf8 55. Rg2 Bd4 56. g5 h5 57. Re2 Be3 58. Be4 Kg7 59. Kg2 Ra1 60. Rc2
1/2-1/2

[Event "Liga Madrileña - DH 2017-2018"]
[Site "Madrid ESP"]
[Date "2018.02.11"]
[Round "9.22"]
[White "Candela Perez, Jose"]
[Black "Diezma Aganzo, Jose Luis"]
[Result "1/2-1/2"]
[WhiteElo "2355"]
[BlackElo "2241"]
[PlyCount "48"]
[EventDate "2017.11.19"]
[EventType "team-tourn"]
[EventRounds "14"]
[EventCountry "ESP"]
[SourceTitle "Ajedrez en Madrid"]
[Source "lmi"]
[SourceDate "2017.11.19"]
[WhiteTeam "La Casa del Ajedrez"]
[BlackTeam "Villaverde"]
[WhiteTeamCountry "ESP"]
[BlackTeamCountry "ESP"]

1. d4 Nf6 2. c4 g6 3. Nc3 Bg7 4. e4 d6 5. Nf3 O-O 6. Be3 e5 7. Be2 Na6 8. d5
Ng4 9. Bg5 f6 10. Bh4 h5 11. Nd2 c5 12. h3 Nh6 13. g4 hxg4 14. hxg4 Nf7 15. Bd3
Bh6 16. Qf3 Kg7 17. O-O-O Bd7 18. Kb1 Nc7 19. Nf1 Rh8 20. Be2 Qe7 21. Ne3 Bf4
22. Ng2 g5 23. Bg3 Rxh1 24. Rxh1 Rh8 1/2-1/2

[Event "Liga Madrileña - DH 2017-2018"]
[Site "Madrid ESP"]
[Date "2018.02.11"]
[Round "9.23"]
[White "Quispe Arteaga, Gabriel"]
[Black "Elguezabal Varela, Daniel"]
[Result "1-0"]
[WhiteElo "2287"]
[BlackElo "2339"]
[PlyCount "87"]
[EventDate "2017.11.19"]
[EventType "team-tourn"]
[EventRounds "14"]
[EventCountry "ESP"]
[SourceTitle "Ajedrez en Madrid"]
[Source "lmi"]
[SourceDate "2017.11.19"]
[WhiteTeam "Villaverde"]
[BlackTeam "La Casa del Ajedrez"]
[WhiteTeamCountry "ESP"]
[BlackTeamCountry "ESP"]

1. Nf3 Nf6 2. g3 g6 3. Bg2 Bg7 4. O-O O-O 5. d4 d6 6. c4 Nbd7 7. Nc3 e5 8. e4
exd4 9. Nxd4 Re8 10. f3 a6 11. Bg5 h6 12. Be3 Rb8 13. Qd2 Kh7 14. Rad1 Ne5 15.
b3 Bd7 16. a4 c5 17. Nde2 Qb6 18. Nc1 Qb4 19. Nd5 Nxd5 20. Qxd5 Bf8 21. Bd2 Qb6
22. Bc3 Bc6 23. Qd2 Qc7 24. f4 Nd7 25. e5 Bxg2 26. Kxg2 Qc6+ 27. Qd5 Qxd5+ 28.
Rxd5 Nb6 29. Rdd1 dxe5 30. Bxe5 Rbd8 31. Kf3 Nc8 32. Bf6 Rxd1 33. Rxd1 Nd6 34.
Be5 Re6 35. Rd5 Ne8 36. Rd7 b5 37. Rxf7+ Kg8 38. Rb7 bxa4 39. bxa4 Bg7 40. Nd3
Rc6 41. Bxg7 Nxg7 42. Rb8+ Kh7 43. Ne5 Rc7 44. Rb6 1-0

[Event "Liga Madrileña - DH 2017-2018"]
[Site "Madrid ESP"]
[Date "2018.02.11"]
[Round "9.24"]
[White "Collado Barbas, Laura"]
[Black "Iagar, Razvan Gabriel"]
[Result "1-0"]
[WhiteElo "2111"]
[BlackElo "2185"]
[PlyCount "33"]
[EventDate "2017.11.19"]
[EventType "team-tourn"]
[EventRounds "14"]
[EventCountry "ESP"]
[SourceTitle "Ajedrez en Madrid"]
[Source "lmi"]
[SourceDate "2017.11.19"]
[WhiteTeam "La Casa del Ajedrez"]
[BlackTeam "Villaverde"]
[WhiteTeamCountry "ESP"]
[BlackTeamCountry "ESP"]

1. d4 d5 2. c4 c6 3. Nf3 Nf6 4. e3 Bf5 5. cxd5 cxd5 6. Nc3 Nc6 7. Ne5 e6 8. g4
Bg6 9. h4 h6 10. Nxg6 fxg6 11. Bd3 Kf7 12. Qf3 e5 13. Bxg6+ Kxg6 14. dxe5 Nxe5
15. Qf5+ Kf7 16. Qxe5 Nxg4 17. Qh5+ 1-0

[Event "Liga Madrileña - DH 2017-2018"]
[Site "Madrid ESP"]
[Date "2018.02.11"]
[Round "9.25"]
[White "Garcia Dorado, Alberto"]
[Black "Yingrui, Lin"]
[Result "1-0"]
[WhiteElo "2143"]
[BlackElo "2142"]
[PlyCount "67"]
[EventDate "2017.11.19"]
[EventType "team-tourn"]
[EventRounds "14"]
[EventCountry "ESP"]
[SourceTitle "Ajedrez en Madrid"]
[Source "lmi"]
[SourceDate "2017.11.19"]
[WhiteTeam "Villaverde"]
[BlackTeam "La Casa del Ajedrez"]
[WhiteTeamCountry "ESP"]
[BlackTeamCountry "ESP"]

1. d4 Nf6 2. Nf3 e6 3. g3 b6 4. Bg2 Bb7 5. c4 Bb4+ 6. Bd2 Be7 7. Nc3 Ne4 8. Qc2
d5 9. cxd5 exd5 10. Qa4+ Bc6 11. Qc2 Bb7 12. O-O O-O 13. Bf4 Nxc3 14. Qxc3 c5
15. dxc5 bxc5 16. Rfd1 d4 17. Qc2 Nc6 18. Bd2 Qd7 19. Ng5 g6 20. Ne4 Rae8 21.
Bh6 Nb4 22. Qd2 f5 23. Bxf8 Kxf8 24. a3 fxe4 25. axb4 e3 26. Qd3 exf2+ 27. Kxf2
Bg5 28. Rf1 Be3+ 29. Ke1+ Kg8 30. Qc4+ Kh8 31. Rf7 Qg4 32. Rxb7 Rf8 33. Raxa7
Bf2+ 34. Kd1 1-0

[Event "Liga Madrileña - DH 2017-2018"]
[Site "Madrid ESP"]
[Date "2018.02.11"]
[Round "9.26"]
[White "Unciti Juan, Javier"]
[Black "Lopez Andujar Ocaña, Antonio"]
[Result "0-1"]
[WhiteElo "2000"]
[BlackElo "2094"]
[PlyCount "106"]
[EventDate "2017.11.19"]
[EventType "team-tourn"]
[EventRounds "14"]
[EventCountry "ESP"]
[SourceTitle "Ajedrez en Madrid"]
[Source "lmi"]
[SourceDate "2017.11.19"]
[WhiteTeam "La Casa del Ajedrez"]
[BlackTeam "Villaverde"]
[WhiteTeamCountry "ESP"]
[BlackTeamCountry "ESP"]

1. d4 Nf6 2. Nf3 e6 3. c4 d5 4. Nc3 Be7 5. Bg5 h6 6. Bh4 O-O 7. e3 b6 8. Bd3
dxc4 9. Bxc4 Bb7 10. Qe2 Nbd7 11. Rd1 Ne4 12. Bxe7 Qxe7 13. Nxe4 Bxe4 14. O-O
Rfd8 15. Nd2 Bb7 16. f4 Nf6 17. f5 e5 18. Nf3 exd4 19. exd4 Qxe2 20. Bxe2 Ng4
21. Rc1 Rac8 22. Rfe1 Re8 23. Bb5 Rxe1+ 24. Nxe1 c6 25. Be2 Ne3 26. g4 Rd8 27.
Kf2 Nd5 28. Nd3 Nf6 29. Ke3 Re8+ 30. Kf2 Re4 31. Ne5 Rxd4 32. Bf3 Rd2+ 33. Kg3
Rxb2 34. Rd1 Nd5 35. Nc4 Rxa2 36. Nd6 Ba6 37. Re1 Nf6 38. Re7 Rd2 39. Rxa7 Rxd6
40. Rxa6 Nd5 41. Ra8+ Kh7 42. Rb8 g6 43. Be4 gxf5 44. gxf5 Kg7 45. Rb7 Kf6 46.
Bb1 b5 47. Ba2 Ne7 48. Bb1 Nxf5+ 49. Bxf5 Kxf5 50. Rxf7+ Ke4 51. h4 Rg6+ 52.
Kf2 Rg4 53. Re7+ Kd5 0-1

[Event "Liga Madrileña - DH 2017-2018"]
[Site "Madrid ESP"]
[Date "2018.02.11"]
[Round "9.31"]
[White "Vazquez Igarza, Renier"]
[Black "Valles Moreno, Ivan"]
[Result "1/2-1/2"]
[WhiteElo "2572"]
[BlackElo "2422"]
[PlyCount "77"]
[EventDate "2017.11.19"]
[EventType "team-tourn"]
[EventRounds "14"]
[EventCountry "ESP"]
[SourceTitle "Ajedrez en Madrid"]
[Source "lmi"]
[SourceDate "2017.11.19"]
[WhiteTeam "Collado Villalba"]
[BlackTeam "Liberty Chess"]
[WhiteTeamCountry "ESP"]
[BlackTeamCountry "ESP"]

1. d4 d5 2. Bf4 e6 3. e3 Nf6 4. Nf3 Bd6 5. c3 O-O 6. Bg3 Nc6 7. Nbd2 Ne7 8. Bd3
Nf5 9. Qe2 Ng4 10. e4 Nxg3 11. hxg3 f5 12. e5 Be7 13. Nh2 Nxh2 14. Rxh2 g6 15.
g4 Rf7 16. O-O-O b6 17. Rdh1 Rg7 18. gxf5 exf5 19. g4 Qf8 20. Qf3 Qf7 21. gxf5
Bxf5 22. Bxf5 gxf5 23. Qh5 Rf8 24. Nf3 Qxh5 25. Rxh5 Rff7 26. Kd1 Rg2 27. Ke2
Rg4 28. Kf1 Re4 29. Ng5 Bxg5 30. Rxg5+ Kf8 31. f3 Re3 32. Kf2 f4 33. Rd1 Ke7
34. Rh5 Ke6 35. Rh6+ Ke7 36. Rh4 Ke6 37. Rh6+ Ke7 38. Rh5 Ke6 39. Rh6+ 1/2-1/2

[Event "Liga Madrileña - DH 2017-2018"]
[Site "Madrid ESP"]
[Date "2018.02.11"]
[Round "9.32"]
[White "Garcia Cuenca, Victor Manuel"]
[Black "Gascon del Nogal, Jose Rafael"]
[Result "1/2-1/2"]
[WhiteElo "2347"]
[BlackElo "2477"]
[PlyCount "86"]
[EventDate "2017.11.19"]
[EventType "team-tourn"]
[EventRounds "14"]
[EventCountry "ESP"]
[SourceTitle "Ajedrez en Madrid"]
[Source "lmi"]
[SourceDate "2017.11.19"]
[WhiteTeam "Liberty Chess"]
[BlackTeam "Collado Villalba"]
[WhiteTeamCountry "ESP"]
[BlackTeamCountry "ESP"]

1. d4 Nf6 2. c4 g6 3. Nf3 Bg7 4. g3 O-O 5. Bg2 d6 6. O-O c6 7. Nc3 Qa5 8. h3
Qa6 9. b3 d5 10. cxd5 cxd5 11. Ne5 Nc6 12. Bf4 Be6 13. Na4 Nxe5 14. Nc5 Qb6 15.
Nxe6 Nf3+ 16. Bxf3 Qxe6 17. g4 Rac8 18. Qd3 Ne4 19. Rac1 Kh8 20. Kg2 f5 21. g5
Qb6 22. e3 Rc6 23. Rxc6 Qxc6 24. h4 Rc8 25. h5 gxh5 26. Bxe4 fxe4 27. Qe2 Qg6
28. Rh1 Kg8 29. Rxh5 h6 30. Qg4 Rf8 31. Kg3 e6 32. gxh6 Qxg4+ 33. Kxg4 Bf6 34.
h7+ Kf7 35. Bd6 Rh8 36. Be5 Bxe5 37. dxe5 Kg6 38. a3 Rxh7 39. Rxh7 Kxh7 40. Kh5
b5 41. b4 Kg7 42. Kg5 a6 43. Kh5 Kh7 1/2-1/2

[Event "Liga Madrileña - DH 2017-2018"]
[Site "Madrid ESP"]
[Date "2018.02.11"]
[Round "9.33"]
[White "Moreno Ruiz, Javier"]
[Black "Moreno Ibañez, Miguel"]
[Result "1-0"]
[WhiteElo "2447"]
[BlackElo "2270"]
[PlyCount "65"]
[EventDate "2017.11.19"]
[EventType "team-tourn"]
[EventRounds "14"]
[EventCountry "ESP"]
[SourceTitle "Ajedrez en Madrid"]
[Source "lmi"]
[SourceDate "2017.11.19"]
[WhiteTeam "Collado Villalba"]
[BlackTeam "Liberty Chess"]
[WhiteTeamCountry "ESP"]
[BlackTeamCountry "ESP"]

1. d4 Nf6 2. c4 c5 3. d5 g6 4. Nc3 Bg7 5. e4 d6 6. Bd3 O-O 7. h3 e6 8. Nf3 Re8
9. O-O Na6 10. Bg5 h6 11. Be3 e5 12. Qd2 Kh7 13. a3 Rf8 14. Rab1 b6 15. b4 Ne8
16. Nh2 f5 17. f4 Kg8 18. fxe5 dxe5 19. exf5 gxf5 20. Bxh6 e4 21. Bxe4 Qf6 22.
Bxg7 Qxg7 23. d6 fxe4 24. Qd5+ Kh8 25. Rxf8+ Qxf8 26. Rf1 Qh6 27. Qxa8 Nxd6 28.
Ng4 Qd2 29. Qxa7 Bb7 30. Qxb6 e3 31. Qd8+ Kh7 32. Qe7+ Kg6 33. Rf6+ 1-0

[Event "Liga Madrileña - DH 2017-2018"]
[Site "Madrid ESP"]
[Date "2018.02.11"]
[Round "9.34"]
[White "Martin Rueda, Daniel"]
[Black "Martin Duque, Jesus"]
[Result "0-1"]
[WhiteElo "2276"]
[BlackElo "2346"]
[PlyCount "92"]
[EventDate "2017.11.19"]
[EventType "team-tourn"]
[EventRounds "14"]
[EventCountry "ESP"]
[SourceTitle "Ajedrez en Madrid"]
[Source "lmi"]
[SourceDate "2017.11.19"]
[WhiteTeam "Liberty Chess"]
[BlackTeam "Collado Villalba"]
[WhiteTeamCountry "ESP"]
[BlackTeamCountry "ESP"]

1. e4 c5 2. Nf3 e6 3. d3 d5 4. Qe2 Be7 5. g3 Nf6 6. Bg2 O-O 7. O-O Nc6 8. e5
Nd7 9. c4 Nb6 10. Rd1 Bd7 11. h4 h6 12. Nc3 a6 13. b3 Qc8 14. a4 Na5 15. Qc2
Qe8 16. Bf4 Rc8 17. Bd2 Nc6 18. a5 Na8 19. Na4 Nb4 20. Qb1 Bc6 21. d4 cxd4 22.
Nxd4 Nc7 23. Nb6 Rd8 24. Nxc6 Nxc6 25. cxd5 exd5 26. Be3 d4 27. Bxc6 Qxc6 28.
Bxd4 Nb5 29. Bb2 Qf3 30. Nd7 Rxd7 31. Rxd7 Bc5 32. Rd3 Bxf2+ 33. Kh2 Qe2 34.
Kh3 Be1 35. Qxe1 Qxd3 36. Qd1 Rd8 37. Qxd3 Rxd3 38. Rc1 Rxb3 39. Ba1 h5 40.
Rc8+ Kh7 41. Rf8 Rb1 42. Rxf7 Rxa1 43. Rxb7 Rxa5 44. e6 Nd4 45. e7 Re5 46. Ra7
Nf5 0-1